000 00791nam a2200265Ia 4500
003 OSt
005 20220926010508.0
006 a|||||r|||| 00| 0
007 ta
008 220923b |||||||| |||| 00| 0 eng d
020 _a9788126524488
_c729.00
037 _b4299, 11/03/2017, R K Books
_cGeneral Book
040 _aRTL
_cRTL
_beng
041 _2eng
_aeng
082 _aB28, J8;Q4
100 _aANDERSON T W
245 0 _aIntroduction to multivariate statistical analysis
250 _a3rd
260 _a New Delhi
_bWiley India
_c2014
300 _axix, 721p
_ccm.
500 _aBibliography: p 539-54; Glossary: p 529-38
650 _aCommerce
942 _hB28, J8;Q4
_cGB
_2CC
999 _c617373
_d617373